LIBRARY & INFORMATION CENTRE, KCAET, TAVANUR

ONLINE PUBLIC ACCESS CATALOGUE (OPAC)

Four quarters / (Record no. 5862)

MARC details
000 -LEADER
fixed length control field 00331cam a2200145ua 4500
041 ## - LANGUAGE CODE
Language code of text/sound track or separate title eng
082 ## - DEWEY DECIMAL CLASSIFICATION NUMBER
Classification number 821
Item number ELI/FO
100 ## - MAIN ENTRY--AUTHOR NAME
Personal name Eliot, T S .
245 ## - TITLE STATEMENT
Title Four quarters /
260 ## - PUBLICATION, DISTRIBUTION, ETC. (IMPRINT)
Place of publication London :
Name of publisher Faber and Faber Ltd.
300 ## - PHYSICAL DESCRIPTION
Number of Pages 59 ; .
942 ## - ADDED ENTRY ELEMENTS (KOHA)
Koha item type Books
Holdings
Withdrawn status Lost status Damaged status Home library Current library Date acquired Full call number Accession Number Koha item type
Withdrawn     KAUAET Malayalam University 07/04/2012 821 11728 Books
free website counter